000 00770nam a22002297a 4500
003 UA-OsUOA
001 50080
007 ta
008 20140519b un ||||| |||| 00| 0 ukr d
090 _a09.-050
_bХ94
942 _cBR
040 _aUA-OsUOA
_bukr
_cUA-OsUOA
_dUA-OsUOA
245 _aХроніка Наукового товариства ім. Шевченка за час від 25.6.1939-15.3.1949 р.
_bЧ. 75
300 _a38 с.
955 _a1
041 _aukr
080 _a09.-050
260 _aМюнхен
_bНакладом товариства
_c1949
650 7 _a0 Загальний відділ.
_2UDC
999 _c430203
_d430203